000 00765nam a22002417a 4500
999 _c11662
_d11662
003 AR-CdUCM
008 190404b ||||| |||| 00| 0 spa d
040 _aMUNICIPALIDAD PROVINCIAL DEL CUSCO
_cBIBLIOTECA MUNICIPAL DEL CUSCO
082 _aEP / 398.25 /
_bSA22
100 _aSanchez Lihon, Danilo
_9846
245 _aManco Cápac y Mama Ocllo /
260 _aLima :
_bBruño,
300 _a15 paginas ;
_bilustraciones, graficos, dibujos,
_c27 cm.
440 _aColección mitos y leyendas
_n4
_929131
500 _aMitos y leyendas
650 _aMitos
_912603
650 _aLeyendas
_92226
650 _aHistoria
_9136
650 _aTexto Educativo
_925832
700 _aSagredo Sagredo, Maximo
_929132
942 _2ddc
_cLIBROS
945 _apjha
_d2019-04-04